000 00755nam a2200277 a 4500
003 AR-BaBNM
005 20251128210915.0
008 082120s2002 ||||||||||||||000 | spa||
020 _a950-739-809-0
040 _cAR-BaBNM
100 1 _aRobespierre, Maximiliano
245 0 0 _aLibertad, igualdad, fraternidad
260 _aBuenos Aires
_bErrepar
_c2000
300 _a93 p.
490 0 _aClásicos de bolsillo
_vv. 45
650 4 _aHISTORIA EUROPEA
650 4 _aMOVIMIENTOS REVOLUCIONARIOS
650 4 _aCIENCIAS POLITICAS
650 4 _aIDEOLOGIAS
650 4 _aFILOSOFIA POLITICA
653 _aREVOLUCION FRANCESA
700 1 _aAlarcón, Mario
_etraductor
700 1 _aTarruella, Ramón
_eprologuista
942 _cBK
998 _cMARTIN
999 _c17401
_d17401